Welcome to CU Library Online Public Access Catalogue (OPAC)

Information systems : (Record no. 1053)

MARC details
000 -LEADER
fixed length control field 00737cam a2200229 a 4500
001 - CONTROL NUMBER
control field 1201888
005 - DATE AND TIME OF LATEST TRANSACTION
control field 20250425174118.0
008 - FIXED-LENGTH DATA ELEMENTS--GENERAL INFORMATION
fixed length control field 990415s1999 txua b 001 0 eng
020 ## - INTERNATIONAL STANDARD BOOK NUMBER
International Standard Book Number 0030224691
020 ## - INTERNATIONAL STANDARD BOOK NUMBER
International Standard Book Number 9780030224690
050 00 - LIBRARY OF CONGRESS CALL NUMBER
Classification number T58.6
Item number .G63 1999
082 00 - DEWEY DECIMAL CLASSIFICATION NUMBER
Classification number 658.4/038/0285
Edition information 21
100 1# - MAIN ENTRY--PERSONAL NAME
Personal name Gordon, Judith R.
245 10 - TITLE STATEMENT
Title Information systems :
Remainder of title a management approach /
Statement of responsibility, etc. Judith R. Gordon, Steven R. Gordon.
250 ## - EDITION STATEMENT
Edition statement 2nd ed.
260 ## - PUBLICATION, DISTRIBUTION, ETC.
Place of publication, distribution, etc. Fort Worth :
Name of publisher, distributor, etc. Dryden Press,
Date of publication, distribution, etc. c1999.
300 ## - PHYSICAL DESCRIPTION
Extent xxxi, 586, [27] p. :
Other physical details col. ill. ;
Dimensions 27 cm.
500 ## - GENERAL NOTE
General note Steven Gordon's name appears first on the earlier edition.
650 #0 - SUBJECT ADDED ENTRY--TOPICAL TERM
Topical term or geographic name entry element Management information systems.
700 1# - ADDED ENTRY--PERSONAL NAME
Personal name Gordon, Steven R.
942 ## - ADDED ENTRY ELEMENTS (KOHA)
Source of classification or shelving scheme Library of Congress Classification
Koha item type Books
Edition 2nd
Suppress in OPAC No
999 ## -
-- 1053
-- 1053
Holdings
Withdrawn status Lost status Source of classification or shelving scheme Damaged status Not for loan Home library Current library Shelving location Date acquired Total checkouts Full call number Date last seen Copy number Price effective from Koha item type Collection Barcode
    Library of Congress Classification     Business Library (Miotso) Business Library (Miotso) General stacks 04/25/2025   T58.6 .G63 1999 04/25/2025 2 04/25/2025 Books Non-fiction BSSM00001981
    Library of Congress Classification     Graduate Library (Christ Temple) Graduate Library (Christ Temple) General stacks 11/12/2024   T 58.6 GOR 11/12/2024 GSCT00000027 11/12/2024 Books    
© 2023-2024 Copyright: Central University Libraries. All Rights Reserved | Created by: Mahone Tech Office